Kumārajīva : (Record no. 63560)

MARC details
000 -LEADER
fixed length control field 01403nam a22003017a 4500
005 - DATE AND TIME OF LATEST TRANSACTION
control field 20120228124339.0
008 - FIXED-LENGTH DATA ELEMENTS--GENERAL INFORMATION
fixed length control field 120228t xxu||||| |||| 00| 0 eng d
010 ## - LCCN (DPL NO)
LC control number ENG-104826
020 ## - INTERNATIONAL STANDARD BOOK NUMBER
International Standard Book Number 9788189738198
Terms of availability 2000.00
035 ## - SYSTEM CONTROL NUMBER
System control number EN-88359
037 ## - SOURCE OF ACQUISITION
Source of stock number/acquisition DBAD/PUB
040 ## - CATALOGING SOURCE
Original cataloging agency DPL
Language of cataloging Eng
082 ## - DEWEY DECIMAL CLASSIFICATION NUMBER
Classification number 294.3657092
100 ## - MAIN ENTRY--PERSONAL NAME
Personal name Sharma, Nirmala
9 (RLIN) 43139
Dates associated with a name 1958-
245 ## - TITLE STATEMENT
Title Kumārajīva :
Statement of responsibility, etc by Nirmala Sharma ; with contributions by Daisaku Ikeda [and] Johannes Nobel ; edited & foreworded by Lokesh Chandra
Remainder of title the transcreator of Buddhist Chinese diction /
260 ## - PUBLICATION, DISTRIBUTION, ETC. (IMPRINT)
Place of publication, distribution, etc New Delhi
Name of publisher, distributor, etc Niyogi Books
Date of publication, distribution, etc 2011
270 ## - ADDRESS
Address D-78, Okhla Industrial Area, Phase-I
City New Delhi
Postal code 110020
300 ## - PHYSICAL DESCRIPTION
Extent 180 p. :
Dimensions 29cm(Hb)
Other physical details ill. (chiefly col.), col. map
500 ## - GENERAL NOTE
General note ncludes bibliographical references (p. [136]-145) and index.
546 ## - LANGUAGE NOTE
Language note Includes Chinese text of The life of Kumārajīva compiled by Hui-chiao; with English translation.
600 ## - SUBJECT ADDED ENTRY--PERSONAL NAME
Personal name Kumārajīva,
Dates associated with a name d. 412?
9 (RLIN) 43145
650 ## - SUBJECT ADDED ENTRY--TOPICAL TERM
Topical term or geographic name as entry element Buddhist monks
Geographic subdivision China
9 (RLIN) 43148
Form subdivision Biography.
651 ## - SUBJECT ADDED ENTRY--GEOGRAPHIC NAME
Geographic name India
General subdivision Description and travel.
9 (RLIN) 43146
651 ## - SUBJECT ADDED ENTRY--GEOGRAPHIC NAME
Geographic name India
General subdivision Kings and rulers.
9 (RLIN) 43147
700 ## - ADDED ENTRY--PERSONAL NAME
Personal name Lokesh Chandra
9 (RLIN) 43140
942 ## - ADDED ENTRY ELEMENTS (KOHA)
Source of classification or shelving scheme Dewey Decimal Classification
Item type English Books
Classification part 294.3657092
Call number suffix SHA
Holdings
Withdrawn status Lost status Source of classification or shelving scheme Damaged status Not for loan Collection code Home library Current library Date acquired Source of acquisition Cost, normal purchase price Total Checkouts Full call number Barcode Date last seen Copy number Cost, replacement price Koha item type
    Dewey Decimal Classification   Not For Loan Non-fiction D.B.Act.Division D.B.Act.Division 28/02/2012 DBAD/PUB 2000.00   294.3657092 SHA EN-88359 28/02/2012 1 2000.00 English Books

© Delhi Public Library
Hit Counter
free hit counter